LIBRARY & INFORMATION CENTRE, KCAET, TAVANUR

ONLINE PUBLIC ACCESS CATALOGUE (OPAC)

Normal view MARC view
  • Sivadas, P. K

Entry Personal Name

Number of records used in: 1

001 - CONTROL NUMBER

  • control field: 7822

003 - CONTROL NUMBER IDENTIFIER

  • control field: OSt

005 - DATE AND TIME OF LATEST TRANSACTION

  • control field: 20250903124607.0

008 - FIXED-LENGTH DATA ELEMENTS

  • fixed length control field: 250903|| aca||aabn | a|a d

040 ## - CATALOGING SOURCE

  • Original cataloging agency: OSt
  • Transcribing agency: OSt

100 ## - HEADING--PERSONAL NAME

  • Personal name: Sivadas, P. K

670 ## - SOURCE DATA FOUND

  • Source citation: Work cat.: (OSt)19506: Sivadas, P. K, Malayalam-Malayalam-English nighandu /, 2018.
free website counter